000
00284nam a22001337a 4500
003
SGT
020
_a
9798371337818
082
_a
650
_b
SHA
100
_a
SHARMA , MONICA
245
_a
FROM INTROVERT TO INFLUENCER
260
_b
INDEPENDENTLY
_c
2022
300
_a
54
942
_2
ddc
_c
BK
999
_c
25217
_d
25217